00863 a2200205 4500003000500000005001700005040000900022082001200031100003600043245017500079260003200254300001200286505017200298538002900470650001400499651001100513942000800524999001900532952010600551Nust20170207153213.0 cNust a621.382 aAsif , Muhammad Naeem (MSEE-9) aPerformace analysis of maximum likelihood (ML) and Maximum A-posteriori probabilty (MAP) decoding Techniques over AWGN and rayleigh fading channelscMuhammad Naeem Asif  bMCS, NUSTc2005aRawalpindi a65, p.; aIntroduction (page-1) Overview of communication (page-40) Coding and decoding (page-16) Simulations and perfromamce analysis (page-38) Summary and conclusion (page-56) aAlmirah No 69 Shelf No 1 aPG Thesis aMSEE-9 cTHS c181450d181450 00102ddc40708NFICaMCSbMCSd2016-12-12l0o621.382 ASIpMCSTEE-30r2016-12-08w2016-12-12yBK